José do patrocínio. (Registro nro. 43904)
[ vista simple ]
| 000 -CABECERA | |
|---|---|
| campo de control de longitud fija | 00337nam a2200121 a 4500 |
| 005 - FECHA Y HORA DE LA ÚLTIMA TRANSACCIÓN | |
| campo de control | 20201002045346.0 |
| 008 - DATOS DE LONGITUD FIJA--INFORMACIÓN GENERAL | |
| campo de control de longitud fija | 140630s2009 000 spa d |
| 020 ## - NÚMERO INTERNACIONAL ESTÁNDAR DEL LIBRO | |
| Número Internacional Estándar del Libro | 9788576171720 |
| 040 ## - FUENTE DE LA CATALOGACIÓN | |
| Centro catalogador/agencia de origen | DO-SdBNP |
| 100 ## - ENTRADA PRINCIPAL--NOMBRE DE PERSONA | |
| Nombre de persona | Alves, Uelinton Farias |
| 9 (RLIN) | 72429 |
| 245 #0 - MENCIÓN DE TÍTULO | |
| Título | José do patrocínio. |
| 260 ## - PUBLICACIÓN, DISTRIBUCIÓN, ETC. | |
| Lugar de publicación, distribución, etc. | Río de Janeiro -- Garamond, |
| Fecha de publicación, distribución, etc. | 2009 -- 296 p. |
No hay ítems disponibles.
